000 00313 a2200133 4500
245 _aThérapie familiale : traitement de systèmes vivants
100 _aWalrond-Skinner, S.
260 _c1980
300 _a167 p.
035 _a2764
999 _c17605
_d17605